Tom Felton Filmography - Statistics

General Stats
  • This quiz has been taken 39 times
    12 since last reset
  • The average score is 36 of 62
Answer Stats
Type Year Name % Correct
Film 2002 Harry Potter and the Chamber of Secrets
89%
Film 2010 Harry Potter and the Deathly Hallows: Part 1
89%
Video Game 2010 Harry Potter and the Deathly Hallows: Part 1
89%
Film 2011 Harry Potter and the Deathly Hallows: Part 2
89%
Film 2005 Harry Potter and the Goblet of Fire
89%
Video Game 2009 Harry Potter and the Half-Blood Prince
89%
Film 2009 Harry Potter and the Half-Blood Prince
89%
Film 2004 Harry Potter and the Prisoner of Azkaban
89%
Film 2001 Harry Potter and the Sorcerer's Stone
89%
Film 2013 Belle
78%
Theater 2025-2026 Harry Potter and the Cursed Child
78%
Film 2007 Harry Potter and the Order of the Phoenix
78%
Video Game 2007 Harry Potter and the Order of the Phoenix
78%
Film 2011 Rise of the Planet of the Apes
78%
Film 1997 The Borrowers
78%
Film 2020 A Babysitter's Guide to Monster Hunting
67%
Film TBA Altered
67%
Film 1999 Anna and the King
67%
Film 2019 Braking for Whales
67%
Film 2017 Feed
67%
Film 2013 From the Rough
67%
TV Show 2014 Murder in the First
67%
Film 2023 Some Other Woman
67%
Film 2012 The Apparition
67%
TV Show 2016-2017 The Flash
67%
Film TBA They Will Kill You
67%
Theater 2022-2023 2:22: A Ghost Story
56%
Film 2014 Against the Sun
56%
Film 2010 Get Him to the Greek
56%
Film 2017 Megan Leavey
56%
Film 2010 Night Wolf
56%
Film 2018 Ophelia
56%
Web Series 2018 Origin
56%
Film 2016 Risen
56%
Film 2022 Save the Cinema
56%
Film 2017 Stratton
56%
Film 2008 The Disappeared
56%
Film 2020 The Forgotten Battle
56%
Film 2016 A United Kingdom
44%
TV Show 1998 Bugs
44%
Film 2022 Burial
44%
Film TBA Canyon of the Dead
44%
Music Video 2018 Empty Space
44%
Film TBA Fackham Hall
44%
TV Show 2013 Full Circle
44%
TV Show 2025 Gandhi
44%
TV Show 2005 Home Farm Twins
44%
Film 2013 In Secret
44%
TV Mini-Series 2012 Labyrinth
44%
Film 2016 Message from the King
44%
Film 2016 Sheep & Wolves
44%
TV Show 2009 Ace of Cakes
33%
Music Video 2022 Are You Entertained
33%
Short Film 2021 A Tale of Two Mindsets
33%
Theme Park Attraction 2010 Harry Potter and the Forbidden Journey
33%
Short Film 2014 How I Didn't Become a Piano Player
33%
TV Film 1999 Second Sight
33%
TV Film 2000 Second Sight: Hide and Seek
33%
TV Show 2002 The Saturday Show
33%
TV Documentary 2015 Tom Felton Meets the Superfans
33%
Short Film 2010 White Other
33%
Film 2022 Canyon Del Muerto
22%
No matching quizzes found
Score Distribution
Percent of People with Each Score
Percentile by Number Answered
Your Score History
You have not taken this quiz since the last reset